الإحصائيات لـ عواصم الدول العربية

أنقر هنا لكي تخضع للإختبار!

الإحصائيات العامة

  • هذا الإختبار تم الخضوع له 1 378 مره
  • الدرجة المتوسطة هي 16 من 22

إحصائيات الإجابة

الدولةالعاصمة% صحيح
تونستونس
92%
السعوديةالرياض
91%
الجزائرالجزائر
91%
مصرالقاهرة
90%
الأردنعمان
87%
الإمارات العربية المتحدةأبوظبي
86%
فلسطينالقدس
85%
العراقبغداد
84%
سوريادمشق
81%
لبنانبيروت
80%
المغربالرباط
79%
الكويتالكويت
78%
قطرالدوحة
78%
السودانالخرطوم
75%
ليبياطرابلس
68%
البحرينالمنامة
61%
اليمنصنعاء
60%
سلطنة عُمانمسقط
48%
جيبوتيجيبوتي
44%
موريتانيانواكشوط
42%
الصومالمقديشو
33%
جزر القمرموروني
20%

توزيع النقاط

النسبة وفقا للأرقام

نسبة الأشخاص لكل درجة

سجل النقاط الخاصة بك

لم تضخع لهذا الإختبار